Měření a analýza širokopásmového filtru harmonických

Bibliographic Details
Main Author: Kocman, Stanislav (Author)
Format: Article
Language:Czech
ISBN:9788055300658

MARC

LEADER 00000naa a2200000uu 4500
001 vtls011057499
003 SK-MaSNL
005 20260302113915.0
008 220810|2008 xo |||||||||||||||||cze|
015 |a SNBRA 
035 |a (urnnbn)urn:nbn:sk:snk:ar-a0bzv7 
035 |a (uuid)b6b12fb2-53c8-4d1c-be1d-fe1b04ecff61 
035 |a urn:nbn:sk:snk-aav6gu 
040 |a SNKBUCL  |b slo  |c SNKBUCL  |e AACR2 
041 0 |a cze 
044 |a xo  |c SK 
100 1 |a Kocman, Stanislav  |4 aut  |9 789539 
245 1 0 |a Měření a analýza širokopásmového filtru harmonických  |c Stanislav KOCMAN 
773 0 |t SEKEL 2008  |d Košice : Technická univerzita, 2008  |g S. 73-76  |z 9788055300658 
954 |a odborná, vedecká literatúra cudzojazyčná (svetová)  |2 lita 
958 |a OND 
958 |a article12 
958 |a chapter 
999 |c 1257521  |d 1259451